[Event "BL2-Nord 1314"]
[Site "Germany"]
[Date "2013.12.15"]
[Round "4.2"]
[White "Krause, Ullrich"]
[Black "Bracker, Frank"]
[Result "1/2-1/2"]
[WhiteElo "2308"]
[BlackElo "2381"]
[PlyCount "99"]
[EventDate "2013.10.13"]
[EventType "team-tourn"]
[EventRounds "9"]
[EventCountry "GER"]
[SourceTitle "EXT 2015"]
[Source "ChessBase"]
[SourceDate "2014.11.20"]
[SourceVersion "1"]
[SourceVersionDate "2014.11.20"]
[SourceQuality "1"]
[WhiteTeam "Luebeck"]
[BlackTeam "Hamburger SK II"]
[WhiteTeamCountry "GER"]
[BlackTeamCountry "GER"]

1. Nf3 c5 2. c4 Nc6 3. d4 cxd4 4. Nxd4 Nf6 5. g3 g6 6. Bg2 Bg7 7. Nc3 0-0 8. 0-0 d6 9. e3 Bd7 10. b3 Qa5 11. Bb2 Rac8 12. Rc1 Rfd8 13. Qe2 a6 14. a3 Bg4 15. f3 Bd7 16. Kh1 Qh5 17. b4 Bh3 18. Rfd1 e6 19. Nb3 Ne5 20. Rd4 g5 21. Nd2 Bxg2+ 22. Kxg2 Nc6 23. Rd3 Ne5 24. Rd4 Qg6 25. Nde4 Ne8 26. f4 gxf4 27. exf4 Ng4 28. Rd2 h5 29. Rcd1 Rc6 30. h3 Nh6 31. c5 d5 32. Ng5 Nf5 33. g4 hxg4 34. hxg4 Nh6 35. Kg3 f5 36. gxf5 Nxf5+ 37. Kf2 Qh6 38. Qf3 Qh2+ 39. Ke1 Qh4+ 40. Kf1 d4 41. Kg1 e5 42. Nce4 Ne3 43. fxe5 Rh6 44. e6 Nf6 45. e7 Rb8 46. Bxd4 Nxd1 47. Bxf6 Qe1+ 48. Kg2 Qh1+ 49. Kg3 Qh4+ 50. Kg2 1/2-1/2

[Event "BL2-Nord 1314"]
[Site "Germany"]
[Date "2013.11.24"]
[Round "3.2"]
[White "Stachowiak, Kamil"]
[Black "Krause, Ullrich"]
[Result "1/2-1/2"]
[WhiteElo "2451"]
[BlackElo "2308"]
[PlyCount "84"]
[EventDate "2013.10.13"]
[EventType "team-tourn"]
[EventRounds "9"]
[EventCountry "GER"]
[SourceTitle "EXT 2015"]
[Source "ChessBase"]
[SourceDate "2014.11.20"]
[SourceVersion "1"]
[SourceVersionDate "2014.11.20"]
[SourceQuality "1"]
[WhiteTeam "Zehlendorf"]
[BlackTeam "Luebeck"]
[WhiteTeamCountry "GER"]
[BlackTeamCountry "GER"]

1. d4 e6 2. c4 Nf6 3. Nf3 Bb4+ 4. Bd2 Qe7 5. g3 Nc6 6. Bg2 Bxd2+ 7. Nbxd2 d6 8. 0-0 0-0 9. e4 e5 10. d5 Nb8 11. Ne1 a5 12. Nd3 Na6 13. Qc2 Bd7 14. Rae1 Ng4 15. h3 Nh6 16. Qc3 b6 17. b3 f6 18. a3 Nc5 19. Nb2 Nf7 20. b4 axb4 21. axb4 Na4 22. Nxa4 Rxa4 23. Ra1 Rfa8 24. Rxa4 Rxa4 25. Ra1 Rxa1+ 26. Qxa1 Qd8 27. Qa7 g6 28. h4 Kg7 29. Nb3 f5 30. exf5 gxf5 31. c5 bxc5 32. bxc5 Bb5 33. Na5 e4 34. Qb7 Qe8 35. Kh1 Kg6 36. Nb3 Bc4 37. Nd2 e3 38. fxe3 Qxe3 39. Nxc4 Qc1+ 40. Kh2 Qxc4 41. Qxc7 Qxc5 42. Qe7 Qc3 1/2-1/2